000 00414nam a2200169Ia 4500
008 230711s9999||||xx |||||||||||||| ||und||
020 _a81-85860-06-8
041 _aPAN
082 _a631
_bMI-C
100 _aMishra, S.N
245 0 _aCrop Breeding in India
260 _c1994
_aLucknow
_bInternational Book Distributing Co.
300 _a526p.
650 _aAgriculture
700 _aSingh, Sadhu
942 _cBK
999 _c7538
_d7538